Statistics for Countries of the World Languages

Click here to take the quiz!

General Stats

  • This quiz has been taken 74 times
    (21 since last reset)
  • The average score is 41 of 53

Answer Stats

Language % Correct
MagyarulHungarian
100%
فارسیPersian
100%
българскиBulgarian
100%
DeutschGerman
100%
繁體中文Chinese (Simplified)
100%
简体中文Chinese (Traditional)
100%
HrvatskiCroatian
100%
ру́сский язы́кRussian
100%
हिन्दीHindi
100%
Slovenský jazykSlovak
100%
SuomiFinnish
95%
EspañolSpanish
95%
العربيةArabic
95%
한국어Korean
95%
日本語Japanese
95%
Slovenski jezikSlovenian
95%
Srpski jezikSerbian
95%
-Swedish
89%
-Norwegian
89%
-Polish
89%
ελληνικάGreek
89%
עבריתHebrew
89%
EestiEstonian
89%
-Danish
89%
-Portuguese
89%
-English
89%
ภาษาไทยThai
89%
-French
84%
-Dutch
84%
íslenskaIcelandic
84%
-Romanian
84%
-Vietnamese
84%
বাংলাBengali
84%
-Italian
84%
-Turkish
79%
LietuviųLithuanian
79%
ქართულიGeorgian
74%
-Czech
74%
CymraegWelsh
68%
GaeilgeIrish
68%
-Indonesian
58%
-Tagalog
58%
-Catalan
58%
-Afrikaans
53%
नेपालीNepali
47%
GalegoGalician
42%
-Maltese
32%
-Latin
32%
-Romansh
26%
-Maori
16%
-Samoan
16%
-Luxembourgish
16%
-Esperanto
16%

Score Distribution

Percentile by Number Answered

Percent of People with Each Score

Your Score History

You have not taken this quiz since the last reset